Marine insurance / (Record no. 317)

000 -LEADER
fixed length control field 00391 a2200145 4500
008 - FIXED-LENGTH DATA ELEMENTS--GENERAL INFORMATION
fixed length control field 220317b ||||| |||| 00| 0 eng d
020 ## - INTERNATIONAL STANDARD BOOK NUMBER
International Standard Book Number 9781908833624
082 00 - DEWEY DECIMAL CLASSIFICATION NUMBER
Classification number 368.22
Item number I17
100 ## - MAIN ENTRY--PERSONAL NAME
Personal name Adams, Chris
245 ## - TITLE STATEMENT
Title Marine insurance /
260 ## - PUBLICATION, DISTRIBUTION, ETC. (IMPRINT)
Place of publication, distribution, etc London:
Name of publisher, distributor, etc Institute of Chartered Shipbrokers,
Date of publication, distribution, etc 2015.
300 ## - PHYSICAL DESCRIPTION
Extent ix, 290 p.
650 #0 - SUBJECT ADDED ENTRY--TOPICAL TERM
Topical term or geographic name as entry element Marine Insurance
942 ## - ADDED ENTRY ELEMENTS (KOHA)
Source of classification or shelving scheme
Item type Books
Holdings
Withdrawn status Lost status Source of classification or shelving scheme Damaged status Not for loan Permanent location Current location Date acquired Source of acquisition Cost, normal purchase price Full call number Barcode Date last seen Cost, replacement price Koha item type Total Checkouts Date last borrowed
          IMU Kolkata IMU Kolkata 2017-03-23 Sterling Book House 6541.96 368.22 I17 12164 2019-09-26 7268.85 Books    
          IMU Kolkata IMU Kolkata 2017-03-23 Sterling Book House 6541.96 368.22 I17 12165 2019-09-26 7268.85 Books    
          IMU Kolkata IMU Kolkata 2017-03-23 Sterling Book House 6541.96 368.22 I17 12166 2025-05-21 7268.85 Books 1 2023-01-27
          IMU Kolkata IMU Kolkata 2017-03-23 Sterling Book House 6541.96 368.22 I17 12167 2019-09-26 7268.85 Books    
          IMU Kolkata IMU Kolkata 2017-03-23 Sterling Book House 6541.96 368.22 I17 12168 2025-06-02 7268.85 Books 1 2025-05-26
Designed and Maintained by IMU-KC Library, Kolkata Campus © Copyright All Rights Reserved

webs counters

Powered by Koha